00740nai a2200181Ia 4500003000900000008004100009022002200050022002300072040001600095245006200111260008600173310001400259362003000273521006900303650003600372650005700408856009300465IN-BaIIA211028c9999 xx s 000 0 eng d a0018-9332 (Print) a2162-2175 (Online) cIIA Library 0aIEEE Transactions on Communication Technologyh[eJournal] aNew York, USAbThe Institute of Electrical and Electronics Engineers, Inc. (IEEE) aBimonthly a12(3); 1964 - 19(6); 1971 bSubscribed through National Knowledge Resource Consortium (NKRC) a Signal Processing and Analysis aCommunication, Networking and Broadcast Technologies uhttps://ieeexplore.ieee.org/servlet/opac?punumber=4547467yClick Here to Access eJournal